Viajes y descubrimientos efectuados en la Edad Media en su relación con los progresos de la geografía y de la historia / (Record no. 151830)

MARC details
000 -LEADER
campo de control de longitud fija 00947nam a2200205 i 4500
001 - NÚMERO DE CONTROL
campo de control 151830
003 - IDENTIFICADOR DE NÚMERO DE CONTROL
campo de control ES-MaACL
005 - FECHA Y HORA DE LA ÚLTIMA TRANSACCIÓN
campo de control 20250829111924.0
008 - DATOS DE LONGITUD FIJA--INFORMACIÓN GENERAL
campo de control de longitud fija 931025s1876 sp |||| | spa d
100 1# - ENTRADA PRINCIPAL--NOMBRE DE PERSONA
Nombre de persona Beltrán y Rózpide, Ricardo.
9 (RLIN) 27381
245 10 - MENCIÓN DEL TÍTULO
Título Viajes y descubrimientos efectuados en la Edad Media en su relación con los progresos de la geografía y de la historia /
Mención de responsabilidad, etc. por Ricardo Beltrán y Rózpide.
260 ## - PUBLICACIÓN, DISTRIBUCIÓN, ETC.
Lugar de publicación, distribución, etc. Madrid :
Nombre del editor, distribuidor, etc. [s.n.],
Fecha de publicación, distribución, etc. 1876 (
Fabricante Imp. a cargo de Víctor Saiz)
300 ## - DESCRIPCIÓN FÍSICA
Extensión 141 p. ;
Dimensiones 19 cm.
530 ## - NOTA DISPONIBLE DE FORMULARIO FÍSICO ADICIONAL
Nota de formato físico adicional disponible Disponible en formato digital.
650 #4 - PUNTO DE ACCESO ADICIONAL DE MATERIA--TÉRMINO DE MATERIA
Término de materia o nombre geográfico como elemento de entrada Viajes-
Subdivisión cronológica S.V-XV.
9 (RLIN) 138302
650 04 - PUNTO DE ACCESO ADICIONAL DE MATERIA--TÉRMINO DE MATERIA
Término de materia o nombre geográfico como elemento de entrada Descubrimientos geográficos-
Subdivisión de forma Historia
9 (RLIN) 11830
852 ## - LOCALIZACIÓN
Ubicación ES-MaACL
Número de control de estantería T-284-F-1
Nota libre - Enc. hol., falto de cub. original
-- - Enc. en un vol. facticio
-- - Dedicatoria autógrafa del autor
856 ## - LOCALIZACIÓN Y ACCESO ELECTRÓNICOS
Identificador Uniforme de Recursos <a href="http://bdh-rd.bne.es/viewer.vm?id=0000001179&page=1 ">http://bdh-rd.bne.es/viewer.vm?id=0000001179&page=1 </a>
Nota pública Biblioteca Digital Hispánica
Holdings
Estatus retirado Estado de pérdida Estado de daño No para préstamo Colección Biblioteca de origen Biblioteca actual Ubicación en estantería Fecha de adquisición Total de préstamos Signatura topográfica completa Código de barras Visto por última vez Precio de reemplazo Tipo de ítem Koha
        Colección de folletos Biblioteca del Ateneo de Madrid Biblioteca del Ateneo de Madrid Depósito folletos 17/01/2008   T-284-F-1 1158466 23/02/2023 23/02/2023 Folleto